Cartas y relaciones de Hernán Cortés al Emperador Carlos V / (Record no. 49281)

MARC details
000 -LEADER
campo de control de longitud fija 00722nam a2200193 i 4500
001 - NÚMERO DE CONTROL
campo de control 49281
003 - IDENTIFICADOR DE NÚMERO DE CONTROL
campo de control ES-MaACL
005 - FECHA Y HORA DE LA ÚLTIMA TRANSACCIÓN
campo de control 20251123063302.0
007 - CAMPO FIJO DE DESCRIPCIÓN FÍSICA--INFORMACIÓN GENERAL
campo de control de longitud fija t|
008 - DATOS DE LONGITUD FIJA--INFORMACIÓN GENERAL
campo de control de longitud fija 030711s1860 fr ||||1| spa d
100 1# - ENTRADA PRINCIPAL--NOMBRE DE PERSONA
Nombre de persona Cortés, Hernán,
Fechas asociadas al nombre 1485-1547
9 (RLIN) 40853
245 10 - MENCIÓN DEL TÍTULO
Título Cartas y relaciones de Hernán Cortés al Emperador Carlos V /
Mención de responsabilidad, etc. Hernán Cortés ; corregidas e ilustradas por Pascual de Gayangos.
260 ## - PUBLICACIÓN, DISTRIBUCIÓN, ETC.
Lugar de publicación, distribución, etc. París :
Nombre del editor, distribuidor, etc. [s.n.],
Fecha de publicación, distribución, etc. 1860 (
Fabricante Imp. Central de los Ferrocarriles)
300 ## - DESCRIPCIÓN FÍSICA
Extensión LI, 575 p. ;
Dimensiones 27 cm.
651 #4 - PUNTO DE ACCESO ADICIONAL DE MATERIA--NOMBRE GEOGRÁFICO
Nombre geográfico México-
Subdivisión general Historia-
Subdivisión cronológica 1517-1521, Descubrimiento y conquista.
9 (RLIN) 136484
700 1# - ENTRADA AGREGADA--NOMBRE PERSONAL
Nombre de persona Gayangos, Pascual de,
Fechas asociadas al nombre 1809-1897
9 (RLIN) 56138
852 ## - LOCALIZACIÓN
Ubicación ES-MaACL
Número de control de estantería G-3917
Holdings
Estatus retirado Estado de pérdida Estado de daño No para préstamo Colección Biblioteca de origen Biblioteca actual Ubicación en estantería Fecha de adquisición Fuente de adquisición Total de préstamos Signatura topográfica completa Código de barras Visto por última vez Precio de reemplazo Tipo de ítem Koha
        Libros del s. XIX Biblioteca del Ateneo de Madrid Biblioteca del Ateneo de Madrid Depósito 2 17/01/2008     G-3917 1051859 23/02/2023 23/02/2023 Libro impreso antiguo